Open Data Biblioteca Nacional de Portugal


República Portuguesa: Ministério da Cultura
Biblioteca Nacional de Portugal

Catálogo da BNP: acesso por Identificadores Unívocos
Registos Bibliográficos associados ao registo de autoridade

Etiqueta de registo: 00000nkm 2200025 450
001 2256616
003 http://id.bnportugal.gov.pt/bib/catbnp/2256616
100 ## $a20260129f198- m y0pory01030103ba
101 0# $apor
102 ## $aPT
200 1# $aMúsica de fim de tarde, José Atalaya, Atlantida Cine, Carcavelos$bVisual gráfico]$fCâmara Municipal de Cascais
210 #9 $aCascais$cCâmara Municipal de Cascais,$d[posterior a 1980]
215 ## $a1 cartaz$ccolor.$d48x29,7cm
306 ## $aDatação atribuída em conformidade com as características formais do documento.
317 ## $aColeção Madeira Luís
675 ## $a766(=1:469)"198"(084.5)$vBN$zpor$31302430
710 02 $aCâmara Municipal de Cascais$34253
801 #0 $aPT$bBN$gRPC
966 ## $lBN$mICONOG$sCT. 13072 V.$x3
971 ## $cCaticonografia2$d20260129
995 ## $aPRR2026 $d20260129$iCaticonografia2

Etiqueta de registo: 00000nkm 2200025 450
001 2257525
003 http://id.bnportugal.gov.pt/bib/catbnp/2257525
100 ## $a20260130d1989 m y0pory01030103ba
101 0# $apor
102 ## $aPT
200 1# $aIII Encontro de Teatro, Câmara Municipal de Cascais, Teatro Gil Vicente, 30 novembro - 9 dezembro 89$bVisual gráfico]$fCâmara Municipal de Cascais
210 #9 $aCascais$cCâmara Municipal de Cascais,$d1989
215 ## $a1 cartaz$ccolor.$d56,7x38,5 cm
317 ## $aColeção Madeira Luís
675 ## $a766(=1:469)"1989"(084.5)$vBN$zpor$31802165
710 02 $aEncontro de Teatro$b3$eCascais$f1989$31993979
712 02 $aCâmara Municipal de Cascais$34253
801 #0 $aPT$bBN$gRPC
966 ## $lBN$mICONOG$sCT. 18679 A.$x3
971 ## $cCaticonografia3$d20260130
995 ## $aPRR2026 $d20260130$iCaticonografia3

Etiqueta de registo: 00000nkm 2200025 450
001 2260513
003 http://id.bnportugal.gov.pt/bib/catbnp/2260513
100 ## $a20260204f1974 m y0pory01030103ba
101 0# $apor
102 ## $aPT
200 1# $aJornadas municipais de acção social, as autarquias - que acção social? Câmara Municipal de Cascais, 12 e 13 outubro$bVisual gráfico]$fCâmara Municipal de Cascais
210 #9 $aCascais$cCâmara Municipal de Cascais,$d[posterior a 1974]$eEstoril :$gInsta-Gráfica Portuguesa lda )
215 ## $a1 cartaz$ccolor.$d49,9x35,1cm
306 ## $aDatação atribuída em conformidade com as características formais do documento
317 ## $aColeção Madeira Luís
675 ## $a766(=1:469)"198"(084.5)$vBN$zpor$31620221
710 02 $aCâmara Municipal de Cascais$34253
801 #0 $aPT$bBN$gRPC
966 ## $lBN$mICONOG$sCT. 13393 V.$x3
971 ## $cCaticonografia2$d20260204
995 ## $aPRR2026 $d20260204$iCaticonografia2

Etiqueta de registo: 00000nkm 2200025 450
001 2260294
003 http://id.bnportugal.gov.pt/bib/catbnp/2260294
100 ## $a20260204f19901999m y0pory01030103ba
101 0# $apor
102 ## $aPT
200 1# $aMúsica em Diálogo com Maestro José Atalaya, Museu Condes Castro Guimarães, Cascais, 13,27 outubro, 10, 24 novemvbro, 8, 22 dezembro$bVisual gráfico]$fCâmara Municipal de Cascais
210 #9 $aCascais$cCâmara Municipal de Cascais,$d[entre 1990 e 1999]
215 ## $a1 cartaz$ccolor.$d42x30 cm
306 ## $aDatação em conformidade com as características formais do documento.
317 ## $aColeção Madeira Luís
675 ## $a766(=1:469)"199"(084.5)$vBN$zpor$3589138
710 02 $aCâmara Municipal de Cascais$34253
801 #0 $aPT$bBN$gRPC
966 ## $lBN$mICONOG$sCT. 13338 V.$x3
971 ## $cCaticonografia8$d20260204
972 ## $d20260303 $e1$vmferro $z0
995 ## $aPRR2026 $d20260204$iCaticonografia8

Etiqueta de registo: 00000nkm 2200025 450
001 2263331
003 http://id.bnportugal.gov.pt/bib/catbnp/2263331
100 ## $a20260209f1990 m y0pory01030103ba
101 0# $apor
102 ## $aPT
200 1# $a1.º Congresso de Informática nas Autarquias, Hotel Estoril Sol (Cascais), 30 novembro - 2 dezembro$bVisual gráfico]$fCâmara Municipal de Cascais
210 #9 $aEstoril (Cascais)$cCâmara Municipal de Cascais,$d[1990]
215 ## $a1 cartaz$ccolor.$d69,6x49,6 cm
306 ## $aDatação atribuída em conformidade com o acontecimento anunciado
317 ## $aColeção Madeira Luís
675 ## $a766(=1:469)"198"(084.5)$vBN$zpor$31974866
710 12 $aCongresso de Informática nas Autarquias,$d1,$eCascais,$f1990$31110441
712 02 $aCâmara Municipal de Cascais$34253
801 #0 $aPT$bBN$gRPC
966 ## $lBN$mICONOG$sCT. 19996 A.$x3
971 ## $cCaticonografia7$d20260209
995 ## $aPRR2026 $d20260209$iCaticonografia7

Etiqueta de registo: 00000nkm 2200025 450
001 2266230
003 http://id.bnportugal.gov.pt/bib/catbnp/2266230
100 ## $a20260212d1989 m y0pory01030103ba
101 0# $apor
102 ## $aPT
200 1# $aExposição "Vinhos de Carcavelos", Museu Condes de Castro Guimarães, Março, Abril 1989$bVisual gráfico]$fCâmara Municipal de Cascais
210 #9 $aCascais$cCâmara Municipal de Cascais,$d1989$e[S.l.] :$gTip. Elegante, Lda.)
215 ## $a1 cartaz$ccolor.$d55x39,7 cm
317 ## $aColeção Madeira Luís
675 ## $a766(=1:469)"198"(084.5)$vBN$zpor$31302430
710 02 $aCâmara Municipal de Cascais$34253
801 #0 $aPT$bBN$gRPC
966 ## $lBN$mICONOG$sCT. 20805 A.$x3
971 ## $cCaticonografia3$d20260212
995 ## $aPRR2026 $d20260212$iCaticonografia3

Etiqueta de registo: 00000nkm 2200025 450
001 2266593
003 http://id.bnportugal.gov.pt/bib/catbnp/2266593
100 ## $a20260213d1983 m y0pory01030103ba
101 0# $apor
102 ## $aPT
200 1# $aMuseu Condes de Castro Guimarães, Curso Livre de História e Crítica da Arte, pelo Prof. Manuel C. Mendes Atanásio, com início a 19 de outubro (todas as quartas-feiras), às 21 horas, 1983-1984$bVisual gráfico]$fCâmara Municipal de Cascais e Museu Condes de Castro Guimarães
210 #9 $aCascais$cCâmara Municipal de Cascais,$d1983
215 ## $a1 cartaz$ccolor.$d62,5x42 cm
317 ## $aColeção Madeira Luís
675 ## $a766(=1:469)"198"(084.5)$vBN$zpor$31302430
710 02 $aCâmara Municipal de Cascais$34253
711 02 $aMuseu Condes de Castro Guimarães$31985440
801 #0 $aPT$bBN$gRPC
966 ## $lBN$mICONOG$sCT. 20854 A.$x3
971 ## $cCaticonografia2$d20260213
995 ## $aPRR2026 $d20260213$iCaticonografia2

Etiqueta de registo: 00000nkm 2200025 450
001 2272582
003 http://id.bnportugal.gov.pt/bib/catbnp/2272582
100 ## $a20260226f19851995m y0pory01030103ba
101 0# $apor
102 ## $aPT
200 1# $aDesporto na Escola, participa! [espaço em branco], Câmara Municipal de Cascais$bVisual gráfico]$fCâmara Municipal de Cascais
210 #9 $aCascais$cCâmara Municipal de Cascais,$d[entre 1985 e 1995]
215 ## $a1 cartaz$ccolor.$d46,5x31,8cm
317 ## $aColeção Madeira Luís
710 02 $aCâmara Municipal de Cascais$34253
801 #0 $aPT$bBN$gRPC
966 ## $lBN$mICONOG$sCT. 15085 V.$x3
971 ## $cCaticonografia2$d20260226
995 ## $aPRR2026

Etiqueta de registo: 00000nkm 2200025 450
001 2279365
003 http://id.bnportugal.gov.pt/bib/catbnp/2279365
100 ## $a20260311d1990 m y0pory01030103ba
101 0# $apor
102 ## $aPT
200 1# $aMúsica em diálogo com o maestro José Atalaya, outubro, novembro e dezembro de 1990$bVisual gráfico]$fMuseu Condes de Castro Guimarães
210 #9 $aCascais$cMuseu Condes de Castro Guimarães,$d1990
215 ## $a1 cartaz$ccolor.$d69x49 cm
317 ## $aColeção Madeira Luís
710 02 $aMuseu Condes de Castro Guimarães$31985440
712 02 $aCâmara Municipal de Cascais$34253
801 #0 $aPT$bBN$gRPC
966 ## $lBN$mICONOG$sCT. 24994 A.$x3
971 ## $cCaticonografia5$d20260311
995 ## $aPRR2026

Etiqueta de registo: 00000nkm 2200025 450
001 2279795
003 http://id.bnportugal.gov.pt/bib/catbnp/2279795
100 ## $a20260312d1984 m y0pory01030103ba
101 0# $apor
102 ## $aPT
200 1# $a14º Festival Internacional Cascais Jazz Portugal 84, Pavilhão dos Salesianos, Estoril, 9-10 nov.$bVisual gráfico]$fDirecção-Geral do Turismo et al.$gFoto João Oliveira - Design Garizo 1984
210 #9 $aLisboa$cDirecção-Geral de Turismo,$d1984
215 ## $a1 cartaz$cp&b.$d64,5x43,5 cm
317 ## $aColeção Madeira Luís
702 #1 $92$aOliveira,$bJoão$4600$3283775
702 #1 $aCarmo,$bGarizo do,$f1927-1997$4410$330997
710 02 $aFestival Internacional Cascais Jazz,$d14,$eEstoril,$f1984$31991085
712 02 $aDirecção-Geral da Acção Cultural$31990523
712 02 $aCâmara Municipal de Cascais$34253
712 01 $aEstoril.$bJunta de Turismo da Costa do Sol$36943
712 01 $aPortugal.$bDirecção Geral de Turismo$328928
801 #0 $aPT$bBN$gRPC
966 ## $lBN$mICONOG$sCT. 24442 A.$x3
971 ## $cCaticonografia2$d20260312
995 ## $aPRR2026

Etiqueta de registo: 00000nkm 2200025 450
001 2279696
003 http://id.bnportugal.gov.pt/bib/catbnp/2279696
100 ## $a20260312d1989 m y0pory01030103ba
101 0# $apor
102 ## $aPT
200 1# $aJazz num dia de verão 89, Cascais, Portugal, parque de Palmela, junho dia 30 - julho dia 1$bVisual gráfico]$fCâmara Municipal de Cascais, Direcção Geral da Acção Cultural, Direcção Geral do Turismo, Junta de Turismo da Costa do Estoril
210 #9 $aCascais$cCâmara Municipal de Cascais,$d1989$eLisboa :$gCasa Portuguesa)
215 ## $a1 cartaz$cp&b.$d68x47,5 cm
317 ## $aColeção Madeira Luís
710 02 $aCâmara Municipal de Cascais$34253
711 01 $aPortugal.$bDirecção Geral da Acção Cultural$383418
711 01 $aEstoril.$bJunta de Turismo da Costa do Sol$36943
711 01 $aPortugal.$bDirecção Geral de Turismo$328928
801 #0 $aPT$bBN$gRPC
966 ## $lBN$mICONOG$sCT. 24492 A.$x3
971 ## $cCaticonografia1$d20260312
995 ## $aPRR2026

Etiqueta de registo: 00000nkm 2200025 450
001 2282286
003 http://id.bnportugal.gov.pt/bib/catbnp/2282286
100 ## $a20260320d1981 m y0pory01030103ba
101 0# $apor
102 ## $aPT
200 1# $aJornadas sobre «Barreiras Arquicturais na Integração Social do Deficiente», Estoril, 20, 21 e 22 de novembro de 1981, Ano Internacional do Deficiente$bVisual gráfico]$fMunicípio de Cascais$gAbegão 81
210 #9 $aCascais$cCâmara Municipal de Cascais,$d1981
215 ## $a1 cartaz$ccolor.$d68,3x48 cm
317 ## $aColeção Madeira Luís
702 #1 $aAbegão$4410$31992865
710 02 $aCâmara Municipal de Cascais$34253
801 #0 $aPT$bBN$gRPC
966 ## $lBN$mICONOG$sCT. 25689 A.$x3
971 ## $cCaticonografia9$d20260320
995 ## $aPRR2026

OpendataBNP@bnportugal.pt | Mais informação sobre acesso aos dados BNP